000 00815nam a2200253Ia 4500
003 OSt
005 20220923230935.0
006 a|||||r|||| 00| 0
007 ta
008 220922b |||||||| |||| 00| 0 hin d
024 _a316,670
037 _cTextual
040 _aARTS
_cARTS
_bhin
041 _2hin
_ahin
082 _aO15:gx, M5
100 _aनगेन्द्र, संपा.
245 0 _aभारतीय समीक्षा
246 _aBhāratīya samīkṣhā
260 _aलखनऊ
_b उत्तर प्रदेश हिन्दी संस्थान
_c1985
300 _a417i`-
_ccm.
650 _aसंस्कृत साहित्य
942 _hO15:gx, M5
_cTEXL
_2CC
999 _c388376
_d388376